तुलसीदल : (Record no. 112524)

MARC details
000 -LEADER
fixed length control field 01247nam a22002777a 4500
003 - CONTROL NUMBER IDENTIFIER
control field dpl
005 - DATE AND TIME OF LATEST TRANSACTION
control field 20190115124509.0
008 - FIXED-LENGTH DATA ELEMENTS--GENERAL INFORMATION
fixed length control field 190115b ||||| |||| 00| 0 eng d
010 ## - LIBRARY OF CONGRESS CONTROL NUMBER
LC control number B-034343
020 ## - INTERNATIONAL STANDARD BOOK NUMBER
Terms of availability 80.00
International Standard Book Number 818739627
035 ## - SYSTEM CONTROL NUMBER
System control number B-034343,B-034347
037 ## - SOURCE OF ACQUISITION
Source of stock number/acquisition Cen Lib/Ret
040 ## - CATALOGING SOURCE
Original cataloging agency DPL
Language of cataloging HN
Transcribing agency 0
082 ## - DEWEY DECIMAL CLASSIFICATION NUMBER
Classification number 821
Item number शर्माज
100 ## - MAIN ENTRY--PERSONAL NAME
Personal name शर्माज ,जयधारी
9 (RLIN) 48018
245 ## - TITLE STATEMENT
Title तुलसीदल :
Statement of responsibility, etc जयधारी शर्मा
Remainder of title इक्कीसवी सदी का प्रथम काव्य -संग्रह /
246 ## - VARYING FORM OF TITLE
Title proper/short title Tulsidal :ikkisvi sadi ka p[ratham kavya sangrah
Remainder of title by Jaydhaari Sharma
260 ## - PUBLICATION, DISTRIBUTION, ETC. (IMPRINT)
Place of publication, distribution, etc गाज़ियाबाद
Name of publisher, distributor, etc अनुभव प्रकाशन
Date of publication, distribution, etc 2000
270 ## - ADDRESS
Address ई -28 लाजपत नगर साहिबाद
City गाज़ियाबाद
Postal code 201005
300 ## - PHYSICAL DESCRIPTION
Extent 48पृष्ठ.
Dimensions 21सेमी (सजिल्द)
650 ## - SUBJECT ADDED ENTRY--TOPICAL TERM
Topical term or geographic name as entry element हिंदी साहित्य
9 (RLIN) 48019
650 ## - SUBJECT ADDED ENTRY--TOPICAL TERM
Topical term or geographic name as entry element हिंदी काव्य -तुलसीदल
9 (RLIN) 48020
650 ## - SUBJECT ADDED ENTRY--TOPICAL TERM
Topical term or geographic name as entry element hindi literature
9 (RLIN) 48021
650 ## - SUBJECT ADDED ENTRY--TOPICAL TERM
Topical term or geographic name as entry element Hindi poetry -Tulsidal
9 (RLIN) 48022
942 ## - ADDED ENTRY ELEMENTS (KOHA)
Source of classification or shelving scheme Dewey Decimal Classification
Koha item type Hindi Books
Classification part 821
Call number suffix शर्मा
Holdings
Withdrawn status Lost status Damaged status Not for loan Home library Current library Date acquired Source of acquisition Cost, normal purchase price Total Checkouts Full call number Barcode Date last seen Copy number Cost, replacement price Price effective from Koha item type Source of classification or shelving scheme Collection code
        Central Library Central Library 08/08/2015 Cen Lib/Ret 80.00   821 शर्माज B-034343 08/08/2015 1 80.00 08/08/2015 Hindi Books    
        Shahdara Branch Shahdara Branch 15/01/2019 BPPD/PUB 80.00   821 शर्मा B-034347 15/01/2019   80.00 15/01/2019 Hindi Books Dewey Decimal Classification Non-fiction

© Delhi Public Library
Hit Counter
free hit counter